000 00518nam a2200181Ia 4500
003 OSt
005 20200116102008.0
008 190216s9999||||xx |||||||||||||| ||und||
020 _a8127210579
040 _coclc
082 _a658.1511
_bSHA/M
100 _aSharma, R K
_9376
245 0 _aManagement Accounting /
_cR K Sharma ; Shashi K Gupta
250 _a3rd ed.
260 _bKalyani Publishers,
_c2003.
_aNew Delhi:
300 _a699p
942 _cBK
_2ddc
_h658.1511
_iSHA/M
_k658.1511
_mSHA/M
999 _c6699
_d6699